| Tag |
First Indicator |
Second Indicator |
Subfields |
| LEADER |
00000cam a22000001a 4500 |
| 001 |
in00002887635 |
| 005 |
20190401180435.0 |
| 006 |
m o d |
| 007 |
cr un mmmapmmp |
| 008 |
061228s1884 dcud o f000 0 eng d |
| 035 |
|
|
|a cis2004041884
|
| 040 |
|
|
|a UMI
|c UMI
|d UtOrBLW
|
| 043 |
|
|
|a n-us---
|
| 099 |
|
|
|a ProQuest Serial Set Number 2206 H.exdoc.108
|
| 110 |
1 |
|
|a United States.
|b Congress.
|b House.
|b Committee on Appropriations.
|
| 245 |
1 |
0 |
|a Officers in Interior Department. Letter from the Secretary of the Interior, transmitting letters from the First Comptroller of the Treasury, suspending certain items in the accounts of the disbursing officers of the Interior Department for the Freedmen's Hospital and Asylum, of Washington, D. C.
|
| 246 |
1 |
|
|a Suspending certain items on account of disbursements for Freedmen's Hospital and Asylum
|
| 264 |
|
1 |
|a Washington :
|b [publisher not identified],
|c 1884.
|
| 300 |
|
|
|a 1 online resource.
|
| 336 |
|
|
|a text
|b txt
|2 rdacontent
|
| 337 |
|
|
|a computer
|b c
|2 rdamedia
|
| 338 |
|
|
|a online resource
|b cr
|2 rdacarrier
|
| 490 |
0 |
|
|a H.exdoc.108
|
| 500 |
|
|
|a Record is based on bibliographic data in ProQuest U.S. Serial Set Digital Collection (last viewed Dec. 2006). Reuse except for individual research requires license from ProQuest, LLC.
|
| 510 |
3 |
|
|a ProQuest U.S. Serial Set Digital Collection
|
| 500 |
|
|
|a Electronic resource.
|
| 610 |
2 |
0 |
|a Freedmen's Hospital (Washington, D.C.)
|
| 650 |
|
0 |
|a Freedmen.
|
| 651 |
|
0 |
|a United States
|x Officials and employees.
|
| 655 |
|
7 |
|a Electronic books.
|2 local
|
| 710 |
2 |
|
|a ProQuest (Firm)
|
| 710 |
1 |
|
|a United States.
|b Department of the Interior.
|
| 830 |
|
0 |
|a United States congressional serial set.
|
| 856 |
4 |
0 |
|u http://proxy.library.tamu.edu/login?url=http://congressional.proquest.com/congcomp/getdoc?SERIAL-SET-ID=2206+H.exdoc.108
|z Connect to the full text of this electronic book
|t 0
|
| 999 |
|
|
|a MARS
|
| 999 |
f |
f |
|s db403d85-fc64-30b4-b36f-e81d6c0f016a
|i 8a10fae0-3665-3070-aba2-67e319574cac
|t 0
|
| 952 |
f |
f |
|a Texas A&M University
|b College Station
|c Electronic Resources
|d Available Online
|t 0
|e ProQuest Serial Set Number 2206 H.exdoc.108
|h Other scheme
|
| 998 |
f |
f |
|a ProQuest Serial Set Number 2206 H.exdoc.108
|t 0
|l Available Online
|